000 00669nam a2200253Ia 4500
005 20260121161145.0
008 008 260114s9999 xx 000 0 eng d
020 _a9781003396895
037 _aEBOOK
040 _aCRL
040 _beng
040 _cCRL
041 _2eng
041 _aeng
084 _qCRL
100 _aGerald D. Surh
_91040911
245 0 _aRussian Pogroms and Jewish Revolution, 1905:Class, Ethnicity, Autocracy in the First Russian Revolution
260 _bTaylor and Francis
260 _c2024
856 _uhttp://www.taylorfrancis.com/books/9781003396895
942 _cEBOOK
999 _c1607727
_d1607727